Privilegia regularium, quibus aperte demonstratur regulares ab omni ordinariorum potestate exemptos esse: necnon in utraque hierarchia iurisdictione, & ordinis locum habere. In duas partes divisa / auctore P. F. Brunone Chassaing N. C. Ordinis Minorum Recollectorum, necnon Gregorij XV et Urbani VIII in Basilica Lateranensi ecclesiarum orbis prima poenitentiario

Detalles Bibliográficos
Autor principal: Chassaing, Bruno, O. F. M.
Formato: Libro
Lenguaje:Latin
Publicado: Valentiae : apud Ludovicum Muguet, typographum Universitatis, 1655.
Edición:Editio tertia ab eodem auctore correcta, aucta, & illustrata
Materias:
Colección:Banco de datos
Acervo:Universidad Autónoma Benito Juárez de Oaxaca. Biblioteca Francisco de Burgoa. Colección antigua
Descripción Física:[4] h., 342, 9-19 p., [6] h. ; f°
Tema general:Derecho eclesiástico
Notas:Portada tipográfica a dos tintas con pleca en grabado xilográfico. Texto a dos columnas con paginación en números arábigos, reclamos y signaturas. Incluye cabecera de título con motivos arabescos en grabado xilográfico. Incluye capitulares con motivos florales en grabado xilográfico. Encuadernación en pergamino. Marca de fuego: Casa del Noviciado de la Compañía de Jesús de Oaxaca, Oax. Marca de fuego: Convento de Santo Domingo de Oaxaca, Oax. Nota de expurgo: "Por comission del Sto. officio conste en este libro ... condenadas en 20 de ... de 1724. fr. Leonardo Levanto". Daños por polilla
LEADER 01788nam a22001930004500
035 |a 3782 
041 0 |a lat 
100 1 |a Chassaing, Bruno, O. F. M. 
245 1 0 |a Privilegia regularium, quibus aperte demonstratur regulares ab omni ordinariorum potestate exemptos esse: necnon in utraque hierarchia iurisdictione, & ordinis locum habere. In duas partes divisa / auctore P. F. Brunone Chassaing N. C. Ordinis Minorum Recollectorum, necnon Gregorij XV et Urbani VIII in Basilica Lateranensi ecclesiarum orbis prima poenitentiario 
250 |a Editio tertia ab eodem auctore correcta, aucta, & illustrata 
260 |a Valentiae : apud Ludovicum Muguet, typographum Universitatis, 1655. 
300 |a [4] h., 342, 9-19 p., [6] h. ; f°  
500 |a Portada tipográfica a dos tintas con pleca en grabado xilográfico. Texto a dos columnas con paginación en números arábigos, reclamos y signaturas. Incluye cabecera de título con motivos arabescos en grabado xilográfico. Incluye capitulares con motivos florales en grabado xilográfico. Encuadernación en pergamino. Marca de fuego: Casa del Noviciado de la Compañía de Jesús de Oaxaca, Oax. Marca de fuego: Convento de Santo Domingo de Oaxaca, Oax. Nota de expurgo: "Por comission del Sto. officio conste en este libro ... condenadas en 20 de ... de 1724. fr. Leonardo Levanto". Daños por polilla 
504 |a Al final de la obra están los índices de tratados, capítulos y proposiciones y el índice de cosas y palabras 
650 1 0 |a Derecho eclesiástico 
852 |a Universidad Autónoma "Benito Juárez" de Oaxaca, Biblioteca Francisco de Burgoa, Colección antigua 10227 
942 |c BURANT 
943 |g Universidad Autónoma Benito Juárez de Oaxaca. Biblioteca Francisco de Burgoa. Colección antigua 
999 |c 1114793  |d 1114793